00286pab a2200121 454500008004000000100001600040245003900056260000900095300001300104362001000117650002200127773001500149180718b2014 xxu||||| |||| 00| 0 eng d aJain, Parul aRamifications of domestic violence c2014 ap.16-20. a8 Mar aDomestic violence aMainstream